00773nam a2200181 a 4500001001000000003000900010005001700019008004100036040002500077082001300102111012000115245013000235260003400365300002000399500010900419700002500528710003800553000047746DO-SdBNP20251120123659.0180730s2004 dr 000 0 spa d aDO-SdBNPbspacBNPHU 4axxxbxxx2 aEncuentro interinstitucional sobre el sistema nacional de información estadístican(1:d2004 : cSanto Domingo)10aPrimer encuentro interinstitucional sobre el sistema nacional de información estadística /cpresentación, Pablo Tactuk. aSanto Domingo, :bONE,c2004. a97 p. ;c29 cm. aCon los auspicios del programa de apoyo a la reforma y modernización del Poder Ejecutivo (Pro-Reforma) aTactuk, Pabloepres. aOficina Nacional de Estadística